|
|
|
|
| LEADER |
00000nkm a2200000 a 4500 |
| 001 |
vtls001390184 |
| 003 |
SK-MaSNL |
| 005 |
20260301201710.0 |
| 008 |
231206s1940 xo 0k slo |
| 035 |
|
|
|a SNK000344452
|
| 040 |
|
|
|a SNK
|b slo
|c SNK
|e AACR2
|
| 041 |
0 |
|
|a slo
|
| 043 |
|
|
|a e-xo---
|
| 044 |
|
|
|a xo
|c SK
|
| 080 |
|
|
|a 779
|2 1981
|
| 245 |
0 |
0 |
|a Bratislava
|h grafika
|b Hotel Carlton : Mest. divadlo Dunaj s nábrežím
|
| 260 |
|
|
|a [Bratislava]
|b Slovakotour
|c [1940]
|
| 300 |
|
|
|a 1 pohľadnica
|b 5 čiastkových pohľadov
|c 9x14 cm
|
| 651 |
|
7 |
|a Bratislava (Slovensko)
|2 SNKPH
|
| 655 |
|
7 |
|a miestne pohľadnice
|2 SNKPH
|9 70510
|
| 958 |
|
|
|a GC
|
| 958 |
|
|
|a GBN
|
| 999 |
|
|
|c 895921
|d 897851
|
| 952 |
|
|
|t P60, <03>, [BOOK], {603}
|a SNK
|b SNK
|y PREZ
|7 0
|o snkSP 148932
|i snkPV 161/2000
|0 0
|1 0
|4 0
|d 2000-06-06
|l 0
|r 2005-01-02 00:00:00
|w 2026-02-24
|